000 01695cam a22004574i 4500
003 PE-LiUPU
005 20250731165428.0
008 160210s1993 pe grm 000 0 spa d
035 _a(Sirsi) a156054
040 _aPE-LiUPU
_bspa
_cPE-LiUPU
_erda
099 _aTE
_b2 B23 1993
100 1 _aBarrientos Velito, Dino
_eautor
245 1 _aSentido religioso en la Poesía de César Vallejo /
_cDino Barrientos Velito.
264 0 _c1993.
300 _a90 hojas
_c30 cm
336 _atext
_2rdacontent
337 _aunmediated
_2rdamedia
338 _avolume
_2rdacarrier
502 _aTesis
_b(Lic.) --
_cUniversidad Peruana Unión,
_d1993.
504 _aIncluye referencias
520 3 _aVallejo es cristiano de cuna por su formación familiar, porque sus abuelos, tanto por lado de padre como por la madre, son sacerdotes y, por consiguiente, toda su familia es cristiana. En efecto, vallejo reconoce a Dios directa e indirectamente, cuyos versos están llenos de palabras con hondo sentido religioso y bíblico, a pesar de que su poesía se gesta dentro de un contexto y contenido social y humano.
526 _aSEG44
526 _aSEG26
526 _aP151
526 _aP150
526 _aP149
526 _aP146
526 _aP145
526 _aP126
526 _aP125
526 _aP92
526 _aP75
526 _aP74
526 _aP27
526 _aP15
650 0 4 _aVallejo, César
_xPoesía
650 0 4 _aPoesía
_xAspectos religiosos.
596 _a1
942 _2ddc
_cTESIS
999 _aTE 2 B23 1993
_wALPHANUM
_c8734
_iT00106
_lCCODEBUL3
_mBUL
_r1
_sY
_tTESIS
_u2016-2-10
_xEDUCACION
_zUNKNOWN
_o.STAFF. Tesis
_d8734
980 _81
_gALBERTO SANCHEZ Responsable de Automatización